000 01124nam0a22002531 4500
001 rc\397100
005 20260407102207.0
035 _a(NLR Aleph) 005646237
090 _a6722117
_c6722117
100 _a20030616d1989 |||y0rusy50 ca
101 0 _arus
102 _aRU
105 _ay |||||||||
200 1 _aСпециализированные процессоры в САПР
_eСб. тез. докл. всесоюз. семинара, 5-7 сент. 1989 г.
210 _aМ.
_cИНЭУМ
_d1989
215 _a76, [1] с.
_d21
300 _aВ надзаг.: М-во приборостроения, средств автоматизации и систем управления. Ин-т электрон. управляющих машин. Информприбор. ВДНХ СССР
320 _aБиблиогр. в конце докл.
712 0 2 _aИнститут электронных управляющих машин им. И. С. Брука
_cМосква
_3RU\NLR\AUTH\889929928
_9355430
801 0 _aRU
_bNLR
_gpsbo
801 1 _aRU
_bELAR
_2rusmarc
852 _aNLR
_j89-4/13337
942 _cBOOK
980 _aNB